<?xml version='1.0' encoding='UTF-8'?>
  <record xmlns="http://www.loc.gov/MARC21/slim">
    <leader>00000cam a22000007  4500</leader>
    <controlfield tag="001">ocm13306416</controlfield>
    <controlfield tag="003">OCoLC</controlfield>
    <controlfield tag="005">20240301174711.7</controlfield>
    <controlfield tag="008">860318s1848    gw            000 0 ger d</controlfield>
    <datafield tag="040" ind1=" " ind2=" ">
      <subfield code="a">BUF</subfield>
      <subfield code="b">eng</subfield>
      <subfield code="c">BUF</subfield>
      <subfield code="d">OCLCQ</subfield>
      <subfield code="d">KRTAS</subfield>
      <subfield code="d">OCLCQ</subfield>
      <subfield code="d">OCLCF</subfield>
      <subfield code="d">OCLCQ</subfield>
      <subfield code="d">OCLCO</subfield>
      <subfield code="d">OCLCQ</subfield>
      <subfield code="d">OCLCO</subfield>
      <subfield code="d">OCLCL</subfield>
      <subfield code="d">DEBBG</subfield>
    </datafield>
    <datafield tag="029" ind1="1" ind2=" ">
      <subfield code="a">DEBBG</subfield>
      <subfield code="b">BV011125986</subfield>
    </datafield>
    <datafield tag="029" ind1="1" ind2=" ">
      <subfield code="a">NLGGC</subfield>
      <subfield code="b">200982850</subfield>
    </datafield>
    <datafield tag="035" ind1=" " ind2=" ">
      <subfield code="a">(OCoLC)13306416</subfield>
    </datafield>
    <datafield tag="043" ind1=" " ind2=" ">
      <subfield code="a">e-gr---</subfield>
    </datafield>
    <datafield tag="050" ind1=" " ind2="4">
      <subfield code="a">BL790</subfield>
      <subfield code="b">.S2</subfield>
    </datafield>
    <datafield tag="084" ind1=" " ind2=" ">
      <subfield code="a">NH 8500</subfield>
      <subfield code="0">(DE-625)125813:</subfield>
      <subfield code="2">rvk</subfield>
    </datafield>
    <datafield tag="100" ind1="1" ind2=" ">
      <subfield code="a">Schömann, Georg Friedriech,</subfield>
      <subfield code="d">1793-1879.</subfield>
    </datafield>
    <datafield tag="245" ind1="1" ind2="4">
      <subfield code="a">Das sittlich-religiöse Verhalten der Griechen in der Zeit ihrer Blüthe.</subfield>
      <subfield code="c">Eine Rede gehalten von G.F. Schömann.</subfield>
    </datafield>
    <datafield tag="260" ind1=" " ind2=" ">
      <subfield code="a">Greifswald,</subfield>
      <subfield code="b">C.A. Koch,</subfield>
      <subfield code="c">1848.</subfield>
    </datafield>
    <datafield tag="300" ind1=" " ind2=" ">
      <subfield code="a">37 pages</subfield>
    </datafield>
    <datafield tag="336" ind1=" " ind2=" ">
      <subfield code="a">text</subfield>
      <subfield code="b">txt</subfield>
      <subfield code="2">rdacontent</subfield>
    </datafield>
    <datafield tag="337" ind1=" " ind2=" ">
      <subfield code="a">unmediated</subfield>
      <subfield code="b">n</subfield>
      <subfield code="2">rdamedia</subfield>
    </datafield>
    <datafield tag="338" ind1=" " ind2=" ">
      <subfield code="a">volume</subfield>
      <subfield code="b">nc</subfield>
      <subfield code="2">rdacarrier</subfield>
    </datafield>
    <datafield tag="651" ind1=" " ind2="0">
      <subfield code="a">Greece</subfield>
      <subfield code="x">Religion.</subfield>
    </datafield>
    <datafield tag="650" ind1=" " ind2="0">
      <subfield code="a">Religion and ethics.</subfield>
    </datafield>
    <datafield tag="651" ind1=" " ind2="6">
      <subfield code="a">Grèce</subfield>
      <subfield code="x">Religion.</subfield>
    </datafield>
    <datafield tag="650" ind1=" " ind2="6">
      <subfield code="a">Religion et morale.</subfield>
    </datafield>
    <datafield tag="650" ind1=" " ind2="7">
      <subfield code="a">Religion.</subfield>
      <subfield code="2">fast</subfield>
      <subfield code="0">(OCoLC)fst01093763</subfield>
    </datafield>
    <datafield tag="650" ind1=" " ind2="7">
      <subfield code="a">Religion and ethics.</subfield>
      <subfield code="2">fast</subfield>
      <subfield code="0">(OCoLC)fst01093828</subfield>
    </datafield>
    <datafield tag="651" ind1=" " ind2="7">
      <subfield code="a">Greece.</subfield>
      <subfield code="2">fast</subfield>
      <subfield code="0">(OCoLC)fst01208380</subfield>
      <subfield code="1">https://id.oclc.org/worldcat/entity/E39PBJxd6hw8HtWYq9JY6hjjYP</subfield>
    </datafield>
    <datafield tag="758" ind1=" " ind2=" ">
      <subfield code="i">has work:</subfield>
      <subfield code="a">Das sittlich-religiöse Verhalten der Griechen in der Zeit ihrer Blüthe (Text)</subfield>
      <subfield code="1">https://id.oclc.org/worldcat/entity/E39PCGTtp9HFb9tfd6TfCxcKFq</subfield>
      <subfield code="4">https://id.oclc.org/worldcat/ontology/hasWork</subfield>
    </datafield>
    <datafield tag="776" ind1="0" ind2="8">
      <subfield code="i">Online version:</subfield>
      <subfield code="a">Schömann, Georg Friedriech, 1793-1879.</subfield>
      <subfield code="t">Sittlich-religiöse Verhalten der Griechen in der Zeit ihrer Blüthe.</subfield>
      <subfield code="d">Greifswald, C.A. Koch, 1848</subfield>
      <subfield code="w">(OCoLC)612545223</subfield>
    </datafield>
    <datafield tag="938" ind1=" " ind2=" ">
      <subfield code="a">Kirtas Technologies, Inc.</subfield>
      <subfield code="b">KRTS</subfield>
      <subfield code="n">417930</subfield>
    </datafield>
  </record>